000 00953cab a2200229 4500
001 ABS37963
008 090401t1987 xxu||||| |||| 00| 0 eng d
035 _a(Sirsi) u7807
041 _aeng
100 _aRodgers, C.P.
245 4 _aThe Agricultural Holdings Act 1986
260 _c1987
350 _a0
490 _aConveyancer & Property Lawyer
_v, May-June 1987, 177-190(14)
520 _aComprehensive review of the consolidating provisions of the Agricultural Holdings Act 1986 , enacted as recommended in a Law Commission report. Gives guidance on the changes with regard to security of tenure , assignment , farm rents, notice to quit and succession rights . Touches on the remaining anomalies.
650 _aAGRICULTURAL HOLDINGS ACT 1984
650 _aPROPERTY-LANDLORD AND TENANT-TENANCIES-AGRICULTURAL TENANCIES
650 _aLICENCES
690 _aLANDLORD AND TENANT-AGRICULTURAL TENANCIES
942 _n0
948 _c04/03/1997
999 _c4750
_d4750